000 00631nam a2200241 i 4500
001 C2-0238573
003 PPAK
005 20180727201629.0
008 020422s2002 nyu |||| ||||| | eng d
020 _a0380731207
040 _aPPAK
_beng
_cPPAK
_erda
082 0 4 _a823
_223
090 0 0 _a823
_bPET
_dG
100 1 _aPeters, Elizabeth,
_eauthor
245 1 4 _aThe night of four hundred rabbits
264 1 _aNew York :
_bAvon Books ,
_c2002
300 _a355 pages ;
_c17 cm
336 _2rdacontent
_atext
337 _2rdamedia
_aunmediated
338 _2rdacarrier
_avolume
650 1 0 _aEnglish fiction
942 _ddc
_cB
999 _c53919
_d53919